2016年に新設/改称/廃止された駅 - Statistics

General Stats
  • This quiz has been taken 14 times
  • The average score is 14 of 35
Answer Stats
事業者 駅名 種類 % Correct
JR北海道 奥津軽いまべつ 新設
77%
渡島大野→新函館北斗 改称
77%
旧白滝 廃止
69%
増毛 廃止
69%
上白滝 廃止
62%
下白滝 廃止
62%
阪堺電気軌道 住吉公園 廃止
54%
大志田 廃止
54%
浅岸 廃止
54%
東姫路 新設
54%
花咲 廃止
46%
金華 廃止
46%
JR西日本 摩耶 新設
46%
礼受 廃止
46%
箸別 廃止
46%
小田栄 新設
38%
JR北海道 瀬越 廃止
38%
阿分 廃止
38%
信砂 廃止
38%
舎熊 廃止
38%
朱文別 廃止
38%
JR東日本 石巻あゆみ野 新設
31%
JR九州 西熊本 新設
31%
福井鉄道 木田四ツ辻→商工会議所前 改称
31%
公園口→足羽山公園口 改称
31%
福井駅前→福井駅 改称
31%
京福電気鉄道 撮影所前 新設
31%
函館市企業局 市民会館前→函館アリーナ前 改称
23%
津軽今別 廃止
23%
東追分 廃止
23%
十三里 廃止
23%
鷲ノ巣 廃止
23%
万葉線 射水市新湊庁舎前→西新湊 改称
23%
水島臨海鉄道 西埠頭 廃止
15%
JR貨物 苅田港 廃止
15%
No matching quizzes found
Score Distribution
Percent of People with Each Score
Percentile by Number Answered
Your Score History
You have not taken this quiz